| 000 | 00557 a2200169 4500 | ||
|---|---|---|---|
| 003 | NUST | ||
| 005 | 20230118122529.0 | ||
| 040 | _cNust | ||
| 082 | _a387.7,DAL | ||
| 100 |
_aDaley, Robert _9106961 |
||
| 245 |
_aAn American Saga : _bJuan Trippe and His pan am empire / _cRobert Daley |
||
| 260 |
_aLondon _bRivica Prudaction _c1980 |
||
| 300 | _a324.p; | ||
| 505 | _aA Young Man Plans (Page-3), The Pacific (Page-101), The Atlantic (Page-205), War (Page-281), The New World (Page-349). | ||
| 650 |
_aAn Amercian Saga _9106962 |
||
| 942 |
_2ddc _cBK _k387.7,DAL |
||
| 999 |
_c185305 _d185305 |
||